[Event "Championnat de France - Accéssion"]
[Site "PAU"]
[Date "2012.08.16"]
[Round "3.9"]
[White "Barbot, Pierre"]
[Black "Ider, Borya"]
[Result "1-0"]
[WhiteElo "2277"]
[BlackElo "2407"]
[PlyCount "85"]

1. e4 e6 2. d4 d5 3. exd5 exd5 4. Nf3 Bd6 5. c4 dxc4 6. Bxc4 Nf6 7. O-O O-O 8.
h3 Nbd7 9. Nc3 Nb6 10. Bb3 c6 11. Bg5 h6 12. Bh4 Bf5 13. Ne5 Bxe5 14. dxe5 Qxd1
15. Raxd1 Nfd7 16. f4 Be6 17. Bc2 f6 18. exf6 Nxf6 19. Rfe1 Bd5 20. Re7 Rf7 21.
Nxd5 Nbxd5 22. Rxf7 Kxf7 23. Bb3 Kf8 24. Bxf6 Nxf6 25. Kf2 Re8 26. Kf3 Ke7 27.
g4 g5 28. Re1+ Kd6 29. Rxe8 Nxe8 30. Ke4 Ng7 31. Bg8 b6 32. b4 a5 33. bxa5 bxa5
34. Bb3 gxf4 35. Kxf4 Ke7 36. Ke5 c5 37. h4 Ne8 38. g5 hxg5 39. hxg5 Ng7 40. a4
Kd7 41. Bf7 Ke7 42. g6 Kd7 43. Kd5 1-0

[Event "Championnat de France - Accéssion"]
[Site "PAU"]
[Date "2012.08.16"]
[Round "3.10"]
[White "Colin, Vincent"]
[Black "Saucey, Michel"]
[Result "1/2-1/2"]
[WhiteElo "2391"]
[BlackElo "2273"]
[PlyCount "136"]

1. d4 d5 2. c4 e6 3. Nc3 c5 4. e3 Nf6 5. Nf3 Nc6 6. a3 a6 7. dxc5 Bxc5 8. b4
Bd6 9. Bb2 O-O 10. Qb3 a5 11. c5 axb4 12. axb4 Rxa1+ 13. Bxa1 Bb8 14. Bb5 e5
15. Ne2 e4 16. Nfd4 Ne5 17. h3 h5 18. h4 Qc7 19. Nf4 Rd8 20. Be2 Bg4 21. Bxg4
Nexg4 22. Nde2 b6 23. cxb6 Qxb6 24. Bd4 Qb5 25. Nc3 Qd7 26. O-O Qf5 27. Nce2
Ne5 28. Ng3 Qg4 29. Ra1 Qxh4 30. Ra8 Qg5 31. Nh3 Nf3+ 32. gxf3 Qh4 33. Nf4 exf3
34. Bxf6 Qxf6 35. Nfxh5 Qc6 36. Ra1 g6 37. b5 Qe6 38. Qd1 gxh5 39. Qxf3 Bxg3
40. Qxg3+ Kh7 41. Ra6 Qf5 42. Rd6 Rxd6 43. Qxd6 Qb1+ 44. Kg2 Qxb5 45. Qe5 Qd3
46. Qxh5+ Kg7 47. Qe5+ f6 48. Qe7+ Kg6 49. Qe8+ Kg7 50. Kg3 Qf5 51. Qa4 Kf7 52.
Qg4 Qd3 53. Qd7+ Kg6 54. Qe8+ Kg7 55. f3 Qd2 56. Qe6 Kg6 57. Qg4+ Kf7 58. Qf5
Ke7 59. Qh7+ Ke6 60. Qg8+ Ke7 61. Qg7+ Ke6 62. Qg8+ Ke7 63. Qg7+ Ke6 64. Qg8+
Ke7 65. Qh7+ Ke6 66. Qh3+ Ke7 67. Qh7+ Ke6 68. Qg8+ Ke7 1/2-1/2

[Event "Championnat de France - Accession"]
[Site "PAU"]
[Date "2012.08.17"]
[Round "4.1"]
[White "Loiseau, Quentin"]
[Black "Le Roux, Jean-Pierre"]
[Result "0-1"]
[WhiteElo "2361"]
[BlackElo "2558"]
[PlyCount "56"]

1. d4 Nf6 2. Nf3 g6 3. c4 Bg7 4. Nc3 d5 5. cxd5 Nxd5 6. e4 Nxc3 7. bxc3 c5 8.
Be3 Bg4 9. Qd2 O-O 10. Be2 Qa5 11. Rc1 e6 12. d5 exd5 13. exd5 Nd7 14. c4 Qa3
15. O-O Rfe8 16. Rb1 b6 17. h3 Bf5 18. Rb3 Qa4 19. Nh4 Be4 20. f3 Bc2 21. Qxc2
Rxe3 22. f4 Nf6 23. f5 Ne4 24. fxg6 hxg6 25. Bg4 Re8 26. Qd1 Nc3 27. Qd2 Bd4
28. Kh2 Qxc4 0-1

[Event "Championnat de France - Accession"]
[Site "PAU"]
[Date "2012.08.17"]
[Round "4.2"]
[White "Libiszewski, Fabien"]
[Black "Bailet, Pierre"]
[Result "1/2-1/2"]
[WhiteElo "2488"]
[BlackElo "2423"]
[PlyCount "90"]

1. c4 Nf6 2. g3 c5 3. Bg2 g6 4. Nc3 Bg7 5. e4 Nc6 6. Nge2 d6 7. d3 Nd7 8. Be3
Nd4 9. Rb1 O-O 10. O-O a6 11. f4 b5 12. cxb5 axb5 13. e5 Nxe2+ 14. Qxe2 Rb8 15.
Ne4 dxe5 16. f5 Nf6 17. g4 Nd5 18. fxg6 hxg6 19. Bxc5 Nf4 20. Qf3 f5 21. gxf5
gxf5 22. Ng5 Bb7 23. Qe3 e6 24. Rxf4 Qxg5 25. Rf2 Qxe3 26. Bxe3 Rfd8 27. Ba7
Ra8 28. Bxb7 Rxa7 29. Bc6 e4 30. dxe4 Bd4 31. Bxb5 fxe4 32. Kf1 Bxf2 33. Kxf2
Rxa2 34. Bc4 Ra4 35. b3 Rb4 36. Bxe6+ Kg7 37. Bc4 Kf6 38. Ke3 Ke5 39. Ra1 Rxb3+
40. Bxb3 Rd3+ 41. Ke2 Rxb3 42. Ra8 Rb2+ 43. Ke3 Rb3+ 44. Ke2 Rb2+ 45. Ke3 Rb3+
1/2-1/2

[Event "Championnat de France - Accession"]
[Site "PAU"]
[Date "2012.08.17"]
[Round "4.3"]
[White "Apicella, Manuel"]
[Black "Barbot, Pierre"]
[Result "1-0"]
[WhiteElo "2540"]
[BlackElo "2277"]
[PlyCount "71"]

1. e4 c5 2. Nf3 Nc6 3. d4 cxd4 4. Nxd4 Nf6 5. Nc3 d6 6. Be2 Nxd4 7. Qxd4 g6 8.
g4 h6 9. Bb5+ Bd7 10. Bxd7+ Qxd7 11. f3 Bg7 12. Be3 O-O 13. Qd2 Kh7 14. h4 b5
15. g5 b4 16. Ne2 Nh5 17. O-O-O Rfc8 18. gxh6 Bh8 19. Kb1 Qa4 20. Bd4 Bxd4 21.
Nxd4 Rc5 22. Nb3 Rc6 23. Qd5 e6 24. Qa5 Qxa5 25. Nxa5 Ra6 26. Nb7 d5 27. exd5
exd5 28. Rxd5 Rf6 29. Rd3 Rf4 30. a3 Rb8 31. Nc5 a5 32. Re1 Kxh6 33. Re7 Rc8
34. Ne4 Rxh4 35. Rxf7 Rf4 36. Ra7 1-0

[Event "Championnat de France - Accession"]
[Site "PAU"]
[Date "2012.08.17"]
[Round "4.4"]
[White "Collas, Didier"]
[Black "Crut, Aurelien"]
[Result "0-1"]
[WhiteElo "2423"]
[BlackElo "2336"]
[PlyCount "108"]

1. f4 g6 2. Nf3 Bg7 3. g3 c6 4. Bg2 d5 5. c3 Qb6 6. d3 Nf6 7. e3 O-O 8. Qe2 Bg4
9. Nbd2 Nbd7 10. h3 Bxf3 11. Nxf3 e5 12. fxe5 Nh5 13. Qf2 Nxe5 14. Kd2 f5 15.
Nd4 Qa6 16. Bf1 c5 17. Nf3 Qd6 18. Rg1 Nxf3+ 19. Qxf3 Be5 20. Kc2 Bxg3 21. Be2
Kh8 22. Qg2 Be5 23. Bxh5 gxh5 24. Bd2 c4 25. d4 Bf6 26. Raf1 Qe6 27. Be1 Rg8
28. Qf3 Rxg1 29. Rxg1 Bg7 30. Rg5 Re8 31. Bf2 f4 32. Qxf4 Bh6 33. Qe5+ Qxe5 34.
Rxe5 Rxe5 35. dxe5 Kg8 36. e4 dxe4 37. Bxa7 Kf7 38. b3 cxb3+ 39. axb3 Ke6 40.
Kd1 Kxe5 41. Ke2 Bc1 42. Be3 Bxe3 43. Kxe3 h4 44. c4 h6 45. b4 h5 46. b5 b6 47.
c5 bxc5 48. b6 Kd6 49. Kxe4 Kc6 50. b7 Kxb7 51. Kd5 Kb6 52. Kc4 Kc6 53. Kc3 Kd5
54. Kd3 Ke5 0-1

[Event "Championnat de France - Accession"]
[Site "PAU"]
[Date "2012.08.17"]
[Round "4.5"]
[White "Battaglini, Gabriel"]
[Black "Camus, Berenger"]
[Result "1-0"]
[WhiteElo "2398"]
[BlackElo "2212"]
[PlyCount "101"]

1. d4 d5 2. Bg5 h6 3. Bh4 Bf5 4. e3 c6 5. Bd3 Bxd3 6. Qxd3 Qb6 7. Nc3 Nf6 8.
Nf3 Qa6 9. Qxa6 Nxa6 10. Bxf6 gxf6 11. O-O e6 12. a3 f5 13. Ne2 Bd6 14. Rfc1
O-O-O 15. c4 dxc4 16. Rxc4 Nc7 17. g3 Kb8 18. Nf4 Nd5 19. b4 Rhg8 20. Kf1 Nxf4
21. gxf4 Rc8 22. Rac1 a5 23. bxa5 Bxa3 24. Rb1 Bd6 25. Rc3 Ka7 26. Rcb3 Rb8 27.
Nd2 Bc7 28. Nc4 Rgd8 29. Ke2 Rd5 30. Nb6 Bxb6 31. axb6+ Ka6 32. Rg1 Rb5 33.
Ra3+ Kxb6 34. Rg7 f6 35. Re7 e5 36. fxe5 fxe5 37. dxe5 Rd8 38. Ra2 Rdd5 39. f4
Rb3 40. Rd2 Rc5 41. Kf2 Rcc3 42. Re2 Kc5 43. Rf7 Kd5 44. Rxf5 b5 45. Rf6 b4 46.
Rd6+ Kc5 47. Rd4 Rxe3 48. Rxe3 Rb2+ 49. Re2 Rxe2+ 50. Kxe2 Kxd4 51. e6 1-0

[Event "Championnat de France - Accession"]
[Site "PAU"]
[Date "2012.08.17"]
[Round "4.6"]
[White "Saucey, Michel"]
[Black "Gozzoli, Yannick"]
[Result "0-1"]
[WhiteElo "2273"]
[BlackElo "2534"]
[PlyCount "76"]

1. d4 Nf6 2. c4 g6 3. g3 Bg7 4. Bg2 O-O 5. Nf3 d6 6. O-O c6 7. Nc3 Bf5 8. b3
Ne4 9. Bb2 Nxc3 10. Bxc3 Be4 11. Qd2 d5 12. Rac1 e6 13. Rfd1 Nd7 14. Bf1 h6 15.
Nh4 g5 16. Ng2 Bg6 17. f3 f5 18. e3 Nf6 19. Bd3 Qd7 20. Rf1 Rae8 21. a4 Kh8 22.
Qc2 Bh7 23. Bb2 Rg8 24. b4 Rc8 25. c5 h5 26. Kh1 Bh6 27. Rce1 h4 28. gxh4 g4
29. fxg4 Rxg4 30. Be2 Ne4 31. Bxg4 fxg4 32. Qe2 Rg8 33. Kg1 Qe7 34. b5 Bf5 35.
Ba1 g3 36. Qh5 gxh2+ 37. Kxh2 Rxg2+ 38. Kxg2 Qg7+ 0-1

[Event "Championnat de France - Accession"]
[Site "PAU"]
[Date "2012.08.17"]
[Round "4.7"]
[White "Lefebvre, Herve"]
[Black "Prie, Eric"]
[Result "1/2-1/2"]
[WhiteElo "2258"]
[BlackElo "2516"]
[PlyCount "46"]

1. e4 d5 2. exd5 Qxd5 3. Nc3 Qa5 4. d4 Nf6 5. Nf3 Bf5 6. Bc4 e6 7. Bd2 Bb4 8.
a3 Bxc3 9. Bxc3 Qb6 10. d5 Nbd7 11. Qe2 O-O 12. dxe6 Bxe6 13. Bxe6 Rae8 14. O-O
Rxe6 15. Qd2 Nc5 16. Bd4 Nce4 17. Bxb6 Nxd2 18. Nxd2 Rxb6 19. Nc4 Rc6 20. Ne3
Rb6 21. Nc4 Rc6 22. Ne3 Rb6 23. Nc4 Rc6 1/2-1/2

[Event "Championnat de France - Accession"]
[Site "PAU"]
[Date "2012.08.17"]
[Round "4.8"]
[White "Hamdouchi, Adina-Maria"]
[Black "Wirig, Anthony"]
[Result "0-1"]
[WhiteElo "2256"]
[BlackElo "2450"]
[PlyCount "104"]

1. Nf3 g6 2. g3 Bg7 3. d4 d5 4. Bg2 Nf6 5. c4 dxc4 6. O-O O-O 7. Ne5 c6 8. Nxc4
Be6 9. b3 Bd5 10. Bb2 Bxg2 11. Kxg2 Ne4 12. f3 Nd6 13. Nxd6 Qxd6 14. Na3 Rd8
15. Qc2 Na6 16. Rad1 Nb4 17. Qb1 Qc7 18. e4 Rd7 19. Nc4 Rad8 20. a3 Na6 21. Qa1
b5 22. Ne3 Qb6 23. Nc2 e5 24. d5 cxd5 25. Bxe5 Bxe5 26. Qxe5 d4 27. Nb4 f6 28.
Qf4 Nxb4 29. axb4 d3 30. Rf2 Rd4 31. Rfd2 Qe6 32. h4 R8d6 33. h5 gxh5 34. Rh1
Qe5 35. Qxe5 fxe5 36. Rhd1 Kf7 37. Kf2 a6 38. Ke3 Rxb4 39. Rb1 a5 40. Ra1 a4
41. bxa4 bxa4 42. Rxd3 Rxd3+ 43. Kxd3 Rb3+ 44. Kc4 Rxf3 45. Rxa4 Rxg3 46. Kd5
Kf6 47. Ra6+ Kg5 48. Kxe5 h4 49. Rf6 h3 50. Rf5+ Kh4 51. Rf7 Rg5+ 52. Kf4 h5
0-1

[Event "Championnat de France - Accession"]
[Site "PAU"]
[Date "2012.08.17"]
[Round "4.9"]
[White "Lazarev, Vladimir"]
[Black "Favarel, Julien"]
[Result "1-0"]
[WhiteElo "2442"]
[BlackElo "2270"]
[Annotator "Rivier,Sylvain"]
[PlyCount "54"]

1. d4 d5 2. c4 e6 3. Nf3 Nf6 4. Nc3 Be7 5. Bg5 h6 6. Bh4 O-O 7. Qc2 c5 8. dxc5
Nc6 9. e3 Qa5 10. a3 dxc4 11. Bxc4 Qxc5 12. Bd3 Nd5 13. Nxd5 exd5 14. Bxe7 Qxe7
15. Qa4 Ne5 16. Nxe5 Qxe5 17. Qb4 g5 18. g3 Bh3 19. f4 Qf6 20. Kf2 Rfd8 21.
Rac1 Bf5 22. Rhd1 Bxd3 23. Rxd3 Qf5 24. Rcd1 Rac8 25. R3d2 b6 26. Qd4 h5 27.
Qd3 Qh3 {suite illisible} 1-0

[Event "Championnat de France - Accession"]
[Site "PAU"]
[Date "2012.08.17"]
[Round "4.10"]
[White "Valles, Manuel"]
[Black "Colin, Vincent"]
[Result "0-1"]
[WhiteElo "2252"]
[BlackElo "2391"]
[Annotator "Rivier,Sylvain"]
[PlyCount "50"]

1. c4 e5 2. Nc3 Nc6 3. g3 f5 4. Bg2 Nf6 5. a3 Bc5 6. e3 a6 7. Nge2 e4 8. d4
exd3 9. Qxd3 d6 10. Qc2 O-O 11. O-O Ne5 12. Rd1 Ba7 13. Nd5 Ne4 14. Nd4 c6 15.
Nc3 Qf6 16. Ra2 Nxc3 17. Qxc3 Bd7 18. b3 Be8 19. f4 Nd7 20. Bf3 Nc5 21. Rg2 Qh6
22. Nc2 Bh5 23. Ne1 Rae8 24. Bb2 Bxf3 25. Nxf3 Na4 {suite illisible} 0-1

[Event "Championnat de France - Accession"]
[Site "PAU"]
[Date "2012.08.18"]
[Round "5.1"]
[White "Le Roux, Jean-Pierre"]
[Black "Apicella, Manuel"]
[Result "1/2-1/2"]
[WhiteElo "2558"]
[BlackElo "2540"]
[PlyCount "107"]

1. Nf3 Nf6 2. d4 g6 3. g3 Bg7 4. Bg2 O-O 5. O-O d6 6. Nc3 Nbd7 7. e4 e5 8. h3
c6 9. a4 Qc7 10. a5 Rb8 11. Be3 b5 12. axb6 axb6 13. d5 Bb7 14. Nd2 b5 15. dxc6
Bxc6 16. Nd5 Bxd5 17. exd5 Nb6 18. Nb1 b4 19. Ra6 Nfd7 20. Nd2 Ra8 21. Rxa8
Rxa8 22. Qg4 Ra4 23. b3 f5 24. Qh4 Bf6 25. Bxb6 Qxb6 26. Qc4 Ra8 27. Qc6 Qxc6
28. dxc6 Nb6 29. Nc4 Nxc4 30. Bd5+ Kf8 31. Bxc4 Ra5 32. Rd1 Ke7 33. Rd5 Rc5 34.
Rxc5 dxc5 35. Bg8 h6 36. Bh7 Kd6 37. Bxg6 Kxc6 38. Bxf5 Kd5 39. f3 Bg5 40. Kg2
Kd4 41. Be4 Bd2 42. h4 c4 43. bxc4 Kxc4 44. Kh3 Kc5 45. g4 Kd6 46. g5 hxg5 47.
h5 Ke7 48. Kg4 Kf6 49. h6 Bf4 50. Kh5 Be3 51. Bd5 Bf4 52. Be4 Be3 53. Bd5 Bf4
54. Be4 1/2-1/2

[Event "Championnat de France - Accession"]
[Site "PAU"]
[Date "2012.08.18"]
[Round "5.2"]
[White "Crut, Aurelien"]
[Black "Libiszewski, Fabien"]
[Result "0-1"]
[WhiteElo "2336"]
[BlackElo "2488"]
[PlyCount "118"]

1. e4 c6 2. d4 d5 3. exd5 cxd5 4. c3 Nc6 5. Bf4 Nf6 6. Nf3 g6 7. Be2 Bg4 8.
Nbd2 Bg7 9. h3 Bxf3 10. Nxf3 O-O 11. O-O Na5 12. Bd3 Rc8 13. Re1 Nc4 14. Qe2 e6
15. Ne5 Nd6 16. Ng4 Nxg4 17. hxg4 Nc4 18. g5 Re8 19. Rad1 Qd7 20. Bxc4 dxc4 21.
Be5 Qa4 22. Bxg7 Kxg7 23. a3 Rcd8 24. Qf3 Rd5 25. Re5 Qc2 26. Rde1 Rxe5 27.
Rxe5 Qxb2 28. d5 Kg8 29. dxe6 fxe6 30. Qe4 Rf8 31. Qxc4 Qxf2+ 32. Kh2 Qf4+ 33.
Qxf4 Rxf4 34. Rxe6 Kf7 35. Re3 Ra4 36. Rh3 Kg8 37. Rd3 b6 38. c4 Kf7 39. Rd7+
Ke6 40. Rxh7 Rxa3 41. g4 Ra4 42. Kg3 Rxc4 43. Rxa7 Rc6 44. Kf4 Kd5 45. Rd7+ Rd6
46. Rb7 Re6 47. Rb8 Kc6 48. Rc8+ Kd7 49. Rc1 b5 50. Rb1 Kc6 51. Rc1+ Kd5 52.
Rd1+ Kc5 53. Rc1+ Kd4 54. Rb1 Kc4 55. Rc1+ Kd3 56. Rb1 Rb6 57. Ke5 b4 58. Rh1
b3 59. Rh3+ Kc4 0-1

[Event "Championnat de France - Accession"]
[Site "PAU"]
[Date "2012.08.18"]
[Round "5.3"]
[White "Bailet, Pierre"]
[Black "Gozzoli, Yannick"]
[Result "0-1"]
[WhiteElo "2423"]
[BlackElo "2534"]
[PlyCount "68"]

1. e4 e5 2. Nf3 Nc6 3. Bb5 a6 4. Ba4 Nf6 5. O-O Bc5 6. c3 b5 7. Bb3 d6 8. d3 h6
9. a4 Rb8 10. Re1 O-O 11. axb5 axb5 12. Nbd2 Ne7 13. Nf1 Ng6 14. Ng3 Bb6 15. d4
c5 16. Nf5 exd4 17. cxd4 c4 18. Bc2 Bxf5 19. exf5 Ne7 20. h3 Ned5 21. g4 Re8
22. Bd2 Ra8 23. Kf1 Qd7 24. Qc1 Rxe1+ 25. Bxe1 Re8 26. Bd2 Qc6 27. Qd1 Ne4 28.
Kg2 Nxd2 29. Qxd2 Re2 30. Qxe2 Nf4+ 31. Kf1 Nxe2 32. Kxe2 b4 33. Ke3 Qe8+ 34.
Kf4 d5 0-1

[Event "Championnat de France - Accession"]
[Site "PAU"]
[Date "2012.08.18"]
[Round "5.4"]
[White "Wirig, Anthony"]
[Black "Loiseau, Quentin"]
[Result "1/2-1/2"]
[WhiteElo "2450"]
[BlackElo "2361"]
[PlyCount "86"]

1. Nf3 Nf6 2. g3 d5 3. Bg2 c6 4. d3 Bf5 5. O-O h6 6. c4 e6 7. cxd5 cxd5 8. Nc3
Nc6 9. Qa4 Bh7 10. Ne5 Qc8 11. e4 dxe4 12. dxe4 Be7 13. Be3 O-O 14. Nxc6 Qxc6
15. Qxc6 bxc6 16. f3 Nd7 17. Rfd1 Ne5 18. b3 c5 19. h3 Rfd8 20. Rxd8+ Rxd8 21.
Rd1 Rxd1+ 22. Nxd1 Nc6 23. Nc3 Nb4 24. Bf1 Nc2 25. Bf2 f5 26. exf5 Bxf5 27. g4
Bg6 28. Bc4 Nd4 29. Kg2 Kf8 30. Na4 Bc2 31. Nc3 Bf6 32. Nb5 Bb1 33. Nxd4 cxd4
34. a4 d3 35. Bc5+ Kf7 36. Bb4 Bg5 37. Kf2 Bc2 38. Ke1 Bh4+ 39. Kd2 Bg5+ 40.
Kc3 Bf6+ 41. Kd2 Bg5+ 42. Kc3 Bf6+ 43. Kd2 Bg5+ 1/2-1/2

[Event "Championnat de France - Accession"]
[Site "PAU"]
[Date "2012.08.18"]
[Round "5.5"]
[White "Buscara, Sevan"]
[Black "Lazarev, Vladimir"]
[Result "1/2-1/2"]
[WhiteElo "2359"]
[BlackElo "2442"]
[PlyCount "37"]

1. d4 Nf6 2. Nf3 d5 3. c4 e6 4. g3 Bb4+ 5. Bd2 Be7 6. Bg2 O-O 7. O-O c6 8. Qc2
Nbd7 9. Bf4 a5 10. b3 b6 11. Rd1 Ba6 12. Nc3 Rc8 13. e4 dxc4 14. Qe2 Bb4 15.
Rac1 Ba3 16. Rb1 Bb4 17. Rbc1 Ba3 18. Rb1 Bb4 19. Rbc1 1/2-1/2

[Event "Championnat de France - Accession"]
[Site "PAU"]
[Date "2012.08.18"]
[Round "5.6"]
[White "Brethes, Francois"]
[Black "Battaglini, Gabriel"]
[Result "0-1"]
[WhiteElo "2262"]
[BlackElo "2398"]
[PlyCount "78"]

1. d4 Nf6 2. c4 e6 3. g3 d5 4. Nf3 dxc4 5. Bg2 a6 6. O-O Nc6 7. a4 Rb8 8. Bf4
Nd5 9. Ne5 Nxe5 10. Bxe5 f6 11. e4 Nb4 12. Bf4 Be7 13. Na3 b5 14. axb5 axb5 15.
b3 c3 16. Qh5+ g6 17. Qf3 Nc6 18. Qxc3 Nxd4 19. Qb2 e5 20. Bh6 g5 21. f4 gxf4
22. gxf4 Rg8 23. f5 Bb7 24. Kh1 Bxa3 25. Rxa3 Nxf5 26. Ra7 Nxh6 27. Rxb7 Rxb7
28. Qc1 c5 29. Qxh6 Rbg7 30. Qh5+ Ke7 31. Qf5 Qd6 32. Bh3 Rg6 33. Ra1 Kf8 34.
Bg4 Rxg4 35. Qc8+ Kg7 36. Qxg4+ Kh8 37. Qh4 f5 38. Re1 Qg6 39. Qf2 fxe4 0-1

[Event "Championnat de France - Accession"]
[Site "PAU"]
[Date "2012.08.18"]
[Round "5.7"]
[White "Colin, Vincent"]
[Black "Favarel, Antoine"]
[Result "1/2-1/2"]
[WhiteElo "2391"]
[BlackElo "2283"]
[PlyCount "70"]

1. c4 e5 2. g3 Nf6 3. Bg2 d5 4. cxd5 Nxd5 5. Nf3 Nc6 6. O-O Nb6 7. Nc3 Be7 8.
d3 O-O 9. Be3 Re8 10. a4 a5 11. Bxb6 cxb6 12. e3 Bf6 13. Nb5 Bf5 14. d4 exd4
15. Nfxd4 Nxd4 16. exd4 Be4 17. Bxe4 Rxe4 18. Qf3 Re7 19. Rad1 Rd7 20. Rd2 Rc8
21. b3 Rd5 22. Re1 Qd7 23. Rde2 h6 24. Re8+ Rxe8 25. Rxe8+ Kh7 26. Qe4+ g6 27.
Kg2 Kg7 28. Ra8 Bxd4 29. Nxd4 Rxd4 30. Qe5+ f6 31. Qb8 Qd5+ 32. Kh3 Qh5+ 33.
Kg2 Qd5+ 34. Kh3 Qh5+ 35. Kg2 Qd5+ 1/2-1/2

[Event "Championnat de France - Accession"]
[Site "PAU"]
[Date "2012.08.18"]
[Round "5.8"]
[White "Barbot, Pierre"]
[Black "Prie, Eric"]
[Result "0-1"]
[WhiteElo "2277"]
[BlackElo "2516"]
[PlyCount "54"]

1. e4 d5 2. exd5 Qxd5 3. Nf3 Bg4 4. Be2 Nc6 5. d4 O-O-O 6. c4 Qd7 7. d5 Bxf3 8.
Bxf3 Ne5 9. Be2 e6 10. Nc3 Nf6 11. Bf4 Ng6 12. Bg5 Be7 13. Bxf6 Bxf6 14. O-O
Bxc3 15. bxc3 exd5 16. cxd5 Qxd5 17. Qa4 Qc5 18. Rab1 c6 19. Ba6 bxa6 20. Qxa6+
Kd7 21. Rb7+ Ke6 22. Qe2+ Ne5 23. Re1 Kf6 24. h4 Rhe8 25. Qe4 Qc4 26. Qe3 Qg4
27. Reb1 Rd1+ 0-1

[Event "Championnat de France - Accession"]
[Site "PAU"]
[Date "2012.08.18"]
[Round "5.9"]
[White "Bricard, Emmanuel"]
[Black "Purenne, Benoit"]
[Result "1/2-1/2"]
[WhiteElo "2489"]
[BlackElo "2168"]
[PlyCount "150"]

1. c4 Nf6 2. Nc3 e6 3. Nf3 d5 4. d4 Be7 5. Bg5 O-O 6. Qc2 Nbd7 7. cxd5 exd5 8.
e3 c6 9. Bd3 Re8 10. O-O Nf8 11. Rab1 Ng6 12. Bxf6 Bxf6 13. b4 a6 14. Na4 Bg4
15. Nd2 Be7 16. Nc5 Rb8 17. Rfc1 Bd6 18. Nf1 Qg5 19. Nxb7 Rxb7 20. Qxc6 Rd7 21.
Qxa6 Re6 22. Qa8+ Rd8 23. Rc8 Rxc8 24. Qxc8+ Nf8 25. Qa8 Bf3 26. Ng3 Bxg3 27.
hxg3 Rh6 28. gxf3 Qh5 29. Kf1 Qxf3 30. Ke1 Rh1+ 31. Kd2 Qxf2+ 32. Kc3 Rxb1 33.
Bxb1 Qxe3+ 34. Bd3 Qc1+ 35. Kb3 Qd1+ 36. Kc3 Qa1+ 37. Kc2 Qxd4 38. b5 g6 39.
Qc6 Ne6 40. Qc8+ Nf8 41. Qc3 Qf2+ 42. Kb3 Ne6 43. a4 Qxg3 44. b6 Qd6 45. b7
Qb6+ 46. Qb4 Nc5+ 47. Ka3 Qxb4+ 48. Kxb4 Nxb7 49. Ba6 Nd8 50. Kc5 Kf8 51. a5 d4
52. Kb6 Ke7 53. Bc4 Kd6 54. a6 Nc6 55. Bd3 f5 56. Bf1 Nb4 57. a7 Nd5+ 58. Kb5
Nc7+ 59. Kc4 Kc6 60. Bg2+ Kb6 61. a8=Q Nxa8 62. Bxa8 Kc7 63. Kxd4 Kd6 64. Bd5
h6 65. Bf7 g5 66. Bh5 Ke6 67. Ke3 Ke5 68. Kf3 Kf6 69. Be8 Ke6 70. Bg6 Kf6 71.
Be8 Ke5 72. Bh5 f4 73. Be8 Kd4 74. Bh5 Ke5 75. Be8 Kd4 1/2-1/2

[Event "Championnat de France - Accession"]
[Site "PAU"]
[Date "2012.08.18"]
[Round "5.10"]
[White "Dionisi, Thomas"]
[Black "Collas, Didier"]
[Result "1-0"]
[WhiteElo "2272"]
[BlackElo "2423"]
[PlyCount "79"]

1. e4 e5 2. Nf3 Nc6 3. Bb5 a6 4. Bxc6 dxc6 5. O-O f6 6. d4 exd4 7. Nxd4 c5 8.
Nb3 Qxd1 9. Rxd1 Be6 10. Bf4 c4 11. Nd4 O-O-O 12. Nc3 Bf7 13. Nf5 Rxd1+ 14.
Rxd1 Ne7 15. Ne3 Ng6 16. Bg3 Bc5 17. Nf5 h5 18. h4 Ne7 19. Nxg7 Rg8 20. Nf5
Nxf5 21. exf5 Re8 22. Kf1 Bb4 23. Ne2 c3 24. b3 c5 25. Rd6 Rd8 26. Rxd8+ Kxd8
27. f3 Kd7 28. Be1 Kd6 29. Bxc3 Bxc3 30. Nxc3 Ke5 31. Kf2 c4 32. Ne4 cxb3 33.
cxb3 Bd5 34. Ng3 a5 35. Nxh5 b5 36. Ke3 Kxf5 37. g4+ Ke5 38. f4+ Ke6 39. f5+
Ke5 40. Nf4 1-0

[Event "Championnat de France - Accession"]
[Site "PAU"]
[Date "2012.08.19"]
[Round "6.1"]
[White "Libiszewski, Fabien"]
[Black "Le Roux, Jean-Pierre"]
[Result "1/2-1/2"]
[WhiteElo "2488"]
[BlackElo "2558"]
[PlyCount "48"]

1. c4 Nf6 2. d4 g6 3. Nc3 d5 4. cxd5 Nxd5 5. e4 Nxc3 6. bxc3 Bg7 7. Be3 c5 8.
Qd2 O-O 9. Nf3 Qa5 10. Rc1 Rd8 11. d5 e6 12. Bg5 f6 13. Be3 Nc6 14. Bd3 exd5
15. exd5 c4 16. Bxc4 Be6 17. Rd1 Ne7 18. dxe6 Rxd2 19. Rxd2 Qxc3 20. Bb3 Qc1+
21. Rd1 Qc3+ 22. Rd2 Qc1+ 23. Rd1 Qc3+ 24. Rd2 Qc1+ 1/2-1/2

[Event "Championnat de France - Accession"]
[Site "PAU"]
[Date "2012.08.19"]
[Round "6.2"]
[White "Gozzoli, Yannick"]
[Black "Apicella, Manuel"]
[Result "1/2-1/2"]
[WhiteElo "2534"]
[BlackElo "2540"]
[PlyCount "50"]

1. d4 e6 2. c4 Nf6 3. Nc3 Bb4 4. Bg5 h6 5. Bh4 g5 6. Bg3 Ne4 7. Qd3 d5 8. a3
Bxc3+ 9. bxc3 c5 10. Bxb8 Rxb8 11. f3 Nf6 12. cxd5 exd5 13. e3 Be6 14. Ne2 Qa5
15. h4 Ke7 16. hxg5 hxg5 17. Rxh8 Rxh8 18. dxc5 Qxc5 19. Qd4 Rc8 20. Qxc5+ Rxc5
21. Kd2 Rb5 22. Kc1 Rc5 23. Kd2 Rb5 24. Kc1 Rc5 25. Kd2 Rb5 1/2-1/2

[Event "Championnat de France - Accession"]
[Site "PAU"]
[Date "2012.08.19"]
[Round "6.3"]
[White "Battaglini, Gabriel"]
[Black "Wirig, Anthony"]
[Result "1/2-1/2"]
[WhiteElo "2398"]
[BlackElo "2450"]
[PlyCount "72"]

1. d4 d5 2. c4 c6 3. Nc3 Nf6 4. e3 a6 5. Nf3 b5 6. c5 g6 7. Ne5 Bg7 8. Be2 a5
9. a3 Qc7 10. O-O Ng4 11. f4 f6 12. Ne4 dxe4 13. Nxg4 Be6 14. Nf2 f5 15. g4 Nd7
16. g5 h6 17. h4 hxg5 18. hxg5 Kf7 19. a4 bxa4 20. Qc2 Bd5 21. Bc4 e6 22. Kg2
Rh4 23. Bd2 Rah8 24. Rh1 Qb8 25. Rxh4 Rxh4 26. Rh1 Rxh1 27. Nxh1 Qa8 28. Ng3
Qh8 29. Bxd5 exd5 30. Qd1 Qc8 31. Qh1 Nf8 32. b3 Kg8 33. Qd1 Kf7 34. Qh1 Kg8
35. Qd1 Kf7 36. Qh1 Kg8 1/2-1/2

[Event "Championnat de France - Accession"]
[Site "PAU"]
[Date "2012.08.19"]
[Round "6.4"]
[White "Prie, Eric"]
[Black "Crut, Aurelien"]
[Result "1/2-1/2"]
[WhiteElo "2516"]
[BlackElo "2336"]
[PlyCount "193"]

1. d4 Nf6 2. Bf4 c5 3. d5 b5 4. f3 Nh5 5. Bc1 e5 6. Nh3 d6 7. Nf2 Nd7 8. e4 Rb8
9. a4 b4 10. a5 Be7 11. Nd2 O-O 12. Nc4 g6 13. g3 f5 14. exf5 gxf5 15. f4 Nhf6
16. Bh3 Ne8 17. Qd3 Ng7 18. Ne3 e4 19. Qe2 Nf6 20. O-O Bd7 21. Rd1 Qe8 22. Bd2
Qg6 23. c3 Bb5 24. Qe1 bxc3 25. bxc3 Nfh5 26. Bg2 Nf6 27. Rdb1 h5 28. Rb2 Ba6
29. Rxb8 Rxb8 30. Rb1 Qe8 31. h3 Rxb1 32. Qxb1 Qb5 33. Qxb5 Bxb5 34. c4 Bd7 35.
Bc3 Kf7 36. Bf1 Nfe8 37. Be2 Bf6 38. Bxf6 Nxf6 39. Kg2 Ke7 40. Nfd1 Nge8 41.
Nc3 a6 42. Bd1 Ng7 43. Na4 Be8 44. Nb6 Kd8 45. Kf2 Kc7 46. Ng2 Nd7 47. Na4 Nf6
48. Nc3 Bd7 49. Bc2 Kd8 50. Ke3 Kc7 51. Nh4 Be8 52. Kd2 Kd8 53. Nd1 Ke7 54. Ne3
Bd7 55. Kc3 Kf7 56. Kb2 Ng8 57. Ka3 Ne7 58. Bd1 Kf6 59. Kb2 Ng6 60. Nxg6 Kxg6
61. Ng2 Kf6 62. Kc2 Kg6 63. Kd2 Kf6 64. Ne3 Kg6 65. Ke1 Kf6 66. Bc2 Kg6 67. Kf2
Kf6 68. Kg2 Kg6 69. Bd1 Kf6 70. Nf1 Kg6 71. Kf2 Ne8 72. Nh2 Nf6 73. Ke3 Kg7 74.
Be2 Kg6 75. Nf1 Kg7 76. Nd2 Kg6 77. Nb1 Kf7 78. Nc3 Ke7 79. Bd1 Kd8 80. Ba4
Bxa4 81. Nxa4 Kd7 82. Nc3 Kc7 83. Nd1 Kd7 84. Kf2 Ng8 85. Ne3 Nh6 86. Ng2 Ke7
87. Ke3 Kf6 88. Ne1 Ke7 89. Nc2 Kd7 90. Na3 Kc7 91. Nb1 Kd7 92. Nc3 Ke7 93. Nd1
Kd7 94. Nf2 Ke7 95. Ke2 Kf6 96. Ke3 Ke7 97. Ke2 1/2-1/2

[Event "Championnat de France - Accession"]
[Site "PAU"]
[Date "2012.08.19"]
[Round "6.5"]
[White "Lazarev, Vladimir"]
[Black "Saada, Julien"]
[Result "1/2-1/2"]
[WhiteElo "2442"]
[BlackElo "2325"]
[PlyCount "72"]

1. d4 d5 2. c4 e6 3. Nf3 Nf6 4. g3 dxc4 5. Qa4+ Bd7 6. Qxc4 Nc6 7. Bg2 Na5 8.
Qd3 c5 9. O-O Rc8 10. Nc3 cxd4 11. Nxd4 Qb6 12. Rb1 Be7 13. Nc2 Nc4 14. b3 Ne5
15. Qd2 O-O 16. Bb2 Bc6 17. Qe3 Qxe3 18. Nxe3 Bc5 19. Bxc6 Nxc6 20. Nc4 Rfd8
21. Rfd1 Kf8 22. e3 a6 23. Na4 Be7 24. Nab6 Rxd1+ 25. Rxd1 Rd8 26. Rc1 Nd5 27.
Nxd5 Rxd5 28. Kf1 f6 29. Ke2 Ke8 30. a3 b5 31. Nd2 Rc5 32. Rxc5 Bxc5 33. Ne4
Be7 34. Nd2 Bc5 35. Ne4 Be7 36. Nd2 Bc5 1/2-1/2